000
00303nam a22001337a 4500
008
180205b xxu||||| |||| 00| 0 eng d
020
_a
9781256328285
041
_a
eng
080
_a
51
100
_a
36
101
_a
MAT
245
_a
Excursions in modern mathematics
_c
Tannenbaum,P
942
_2
udc
_c
BK
999
_c
41815
_d
41815